00471 2200181 4500001002100000005001500021008004100036020001800077035001900095041000700114082000800121090001400129100002000143245004100163260005200204300001800256650001500274INLIS00000000001896320241224115615241224||||||||| | ||| |||| || |  a979-33-0433-2 0010-1224018963 aid0 a813 a813 AMI a0 aArleen Amidjaja00aA GREAT BIG BROTHER:Kakak yang Hebat aSurakartabTiga Serangkai Pustaka Mandiric2006 a24hlm;20x19cm 0anovel anak